MARC details
| 000 -LEADER |
| fixed length control field |
01179cam a22003614a 4500 |
| 001 - CONTROL NUMBER |
| control field |
6361 |
| 003 - CONTROL NUMBER IDENTIFIER |
| control field |
BD-DhEWU |
| 005 - DATE AND TIME OF LATEST TRANSACTION |
| control field |
20181118114419.0 |
| 008 - FIXED-LENGTH DATA ELEMENTS--GENERAL INFORMATION |
| fixed length control field |
100404t20042001enka g b 001 0 eng d |
| 020 ## - INTERNATIONAL STANDARD BOOK NUMBER |
| International Standard Book Number |
0521792797 |
|
| International Standard Book Number |
9780521792790 |
| 035 ## - SYSTEM CONTROL NUMBER |
| System control number |
(OCoLC)318266734 |
| 040 ## - CATALOGING SOURCE |
| Original cataloging agency |
DLC |
| Transcribing agency |
DLC |
| Modifying agency |
DLC |
| -- |
BD-DhEWU |
| Language of cataloging |
eng |
| 041 ## - LANGUAGE CODE |
| Language code of text/sound track or separate title |
eng |
| 050 00 - LIBRARY OF CONGRESS CALL NUMBER |
| Classification number |
QC176.8.N35 |
| Item number |
S77 2001 |
| 082 04 - DEWEY DECIMAL CLASSIFICATION NUMBER |
| Classification number |
530.416 |
| Edition number |
|
| Item number |
STP 2004 |
| 100 1# - MAIN ENTRY--PERSONAL NAME |
| Personal name |
Stroscio, Michael A., |
| 9 (RLIN) |
7683 |
| 245 10 - TITLE STATEMENT |
| Title |
Phonons in nanostructures / |
| Statement of responsibility, etc |
Michael A. Stroscio and Mitra Dutta. |
| 260 ## - PUBLICATION, DISTRIBUTION, ETC. (IMPRINT) |
| Place of publication, distribution, etc |
Cambridge ; |
| -- |
New York : |
| Name of publisher, distributor, etc |
Cambridge University Press, |
| Date of publication, distribution, etc |
c2004. |
| 300 ## - PHYSICAL DESCRIPTION |
| Extent |
xiii, 274 p. : |
| Other physical details |
ill. ; |
| Dimensions |
26 cm. |
| 504 ## - BIBLIOGRAPHY, ETC. NOTE |
| Bibliography, etc |
Includes bibliographical references and index. |
| 526 ## - STUDY PROGRAM INFORMATION NOTE |
| Program name |
EEE |
| -- |
AS |
| 590 ## - LOCAL NOTE (RLIN) |
| Local note |
Saifun Momota |
| 650 #0 - SUBJECT ADDED ENTRY--TOPICAL TERM |
| Topical term or geographic name as entry element |
Nanostructures. |
| 9 (RLIN) |
7684 |
|
| Topical term or geographic name as entry element |
Phonons. |
| 9 (RLIN) |
7685 |
| 700 1# - ADDED ENTRY--PERSONAL NAME |
| Personal name |
Dutta, Mitra. |
| 9 (RLIN) |
7686 |
| 856 42 - ELECTRONIC LOCATION AND ACCESS |
| Materials specified |
WorldCat details |
| Uniform Resource Identifier |
http://www.worldcat.org/title/phonons-in-nanostructures/oclc/318266734?referer=br&ht=edition |
|
| Materials specified |
Ebook Fulltext |
| Uniform Resource Identifier |
http://lib.ewubd.edu/ebook/6361 |
| 942 ## - ADDED ENTRY ELEMENTS (KOHA) |
| Source of classification or shelving scheme |
Dewey Decimal Classification |
| Koha item type |
Text |